000 00913 a2200265 4500
020 _a0071140948
020 _a9780071140942
082 0 4 _a657
090 _c2397
_d2397
100 1 _aWillingham, John J.
245 1 0 _aAuditing concepts and methods :
_ba guide to current theory and practice /
_cJohn J. Willingham.
250 _a6Rev Ed ed.
260 _a[S.l.] :
_bMcGraw-Hill Education (ISE Editions),
_c1995.
300 _a621 p.
490 1 _aMcgraw-hill international editions.
500 _aImport.
500 _aPaperback.
700 1 _aCarmichael, D.R.
700 1 _aSchaller, Carol.
700 1 _aSchaller, Carol.
830 0 _aMcgraw-hill international editions.
856 4 0 _3Amazon.com
_uhttp://www.amazon.com/exec/obidos/ASIN/0071140948/chopaconline-20
856 4 0 _3Amazon customer reviews
_uhttp://www.chopac.org/cgi-bin/tools/azrev.pl?q=0071140948
942 _aNBS
_cBK
_k657.45 CAR
999 _c344895
_d344895